Capitales les plus proches de Singapour - sprint de 15 secondes - Statistiques

Statistiques générales
  • Ce quiz a été pris 51 fois
  • Le résultat moyen est 3 sur 20
Statistiques - réponses
km capitale % Correct
309 Kuala Lumpur
59%
902 Jakarta
51%
4465 Pékin
46%
1426 Bangkok
41%
2198 Hanoï
17%
1296 Bandar Seri Begawan
15%
2652 Dili
15%
2391 Manille
15%
1855 Vientiane
12%
4142 New Delhi
7%
3250 Taipei
7%
2881 Dacca
5%
2210 Naypyidaw
5%
1142 Phnom Penh
5%
2720 Colombo
2%
3380 Malé
2%
3481 Ngerulmud
2%
4813 Islamabad
0%
3530 Katmandou
0%
3274 Thimphou
0%
Aucun quiz correspondant
Distribution des résultats
% des personnes avec chaque résultat
Percentile par nombre de réponses
Votre historique - résultats
Vous n’avez pas pris ce quiz